000 00285nam a22001337a 4500
008 181206b xxu||||| |||| 00| 0 eng d
020 _a9780517086599
041 _aeng
080 _a710
100 _a45
101 _aART
245 _aSanta Fe Art
_cSimone e
942 _2udc
_cBK
999 _c52934
_d52934